000 01314nam a2200253Ia 4500
003 Ost
005 20260507075414.0
008 260507s9999||||xx |||||||||||||| ||und||
020 _a9957402628
040 _cfsecg
041 _aara
082 _a330
100 _aالعناتي، رضوان محمد
_eمؤلف
245 0 _aمبادئ المحاسبة وتطبيقاتها /
_c رضوان محمد العناتي
250 _aطبعة 7
260 _aعمان:
_bدار صفاء للنشر والتوزيع,
_c2008
300 _a280 صفحة؛
_bإيضاحات ؛
_c24 سم
504 _aالمراجع ص.279
520 _aمدخل إلى علم المحاسبة، الفروض والمبادئ المحاسبية، النظام المحاسبي، المفاهيم المحاسبية، نظام القيد المزدوج، المعالجة المحاسبية للعمليات المالية والاستثمارية، المعالجة المحاسبية لعمليات البضاعة والخصم، الأوراق التجارية ومعالجتها المحاسبية، ميزان المراجعة والأخطاء المحاسبية، القوائم المالية
653 _aالتقارير المالية
653 _aالمحاسبة
653 _aالمراجعة
942 _cكتاب
999 _c44436
_d44436